| 000 | 01068nam a2200325Ia 4500 | ||
|---|---|---|---|
| 005 | 20220317001905.0 | ||
| 008 | 170410s2009 s g 000 j s | ||
| 020 | _a9788492716203 | ||
| 041 | _aspa | ||
| 100 | 1 |
_aSaki _d1870-1916 |
|
| 245 | 1 | 0 |
_aReginald en Rusia _cSaki ; traducción, prólogo y notas de JoséLuis Piquero |
| 250 | _a1a. edición | ||
| 300 |
_a127 páginas _c17 cm |
||
| 490 | _aBreves reencuentros | ||
| 500 | _aIncluye datos biográficos del autor en solapa | ||
| 650 | 1 | 4 |
_2LEMB _aCuentos birmanos _ySiglo XIX |
| 650 | 1 | 4 |
_2LEMB _aLiteratura birmana _ySiglo XIX |
| 650 | 1 | 4 |
_2LEMB _aMujeres en la literatura |
| 650 | 1 | 4 |
_2LEMB _aSecuestro en la literatura |
| 650 | 1 | 4 |
_2LEMB _aAmistad en la literatura |
| 650 | 1 | 4 |
_2LEMB _aCuentos humorísticos |
| 700 | 1 |
_aPiquero, JoséLuis _d1967- _978273 |
|
| 942 |
_2loc _cBKLIT |
||
| 264 |
_aBarcelona _bNavona _c2009 |
||
| 336 |
_atexto _btxt _2rdacontent |
||
| 337 |
_asin mediación _bn _2rdamedia |
||
| 338 |
_avolumen _bnc _2rdacarrier |
||
| 040 |
_aCO-BoRNBP _bspa _erda _cCO-BoRNBP |
||
| 084 | _aC SAK1 | ||
| 999 |
_c8440 _d8440 |
||